| 000 -CABECERA |
| Longitud fija campo de control |
00522nas a2200169 a 4500 |
| 001 - NÚMERO DE CONTROL |
| Número de control |
4158 |
| 003 - IDENTIFICADOR DEL NÚMERO DE CONTROL |
| Identificador del número de control |
CDMR |
| 005 - FECHA Y HORA DE LA ÚLTIMA TRANSACCIÓN |
| Fecha y hora de la última transacción |
20131017112433.0 |
| 008 - CÓDIGOS DE INFORMACIÓN DE LONGITUD FIJA |
| Códigos de información de longitud fija |
130130d19241927sp |||||||||||||||||spa|d |
| 040 ## - FUENTE DE LA CATALOGACIÓN |
| Centro catalogador de origen |
CDMR |
| Lengua de catalogación |
cat |
| Centro transcriptor |
CDMR |
| 110 2# - PUNTO DE ACCESO PRINCIPAL-NOMBRE DE ENTIDAD CORPORATIVA |
| 9 (RLIN) |
1188 |
| Nombre de entidad corporativa o nombre de jurisdicción como elemento inicial |
Federación de la Prensa de España |
| 245 00 - MENCIÓN DE TÍTULO |
| Título |
Boletín de la Federación de la Prensa de España |
| 260 ## - PUBLICACIÓN, DISTRIBUCIÓN, ETC. (PIE DE IMPRENTA) |
| Lugar de publicación, distribución, etc. |
Madrid |
| -- |
Barcelona |
| Fecha de publicación, distribución, etc. |
1924-1927 |
| Nombre del editor, distribuidor, etc. |
Federación de la Prensa de España |
| 300 ## - DESCRIPCIÓN FÍSICA |
| Extensión |
Núm. |
| Otras características físicas |
23 cm |
| 650 04 - PUNTO DE ACCESO ADICIONAL DE MATERIA - TÉRMINO DE MATERIA |
| 9 (RLIN) |
3896 |
| Término de materia o nombre geográfico como elemento inicial |
Associacions professionals |
| Subdivisión de forma |
Revistes |
| 942 ## - ENTRADA DE ELEMENTOS AGREGADOS (KOHA) |
| Koha [por defecto] tipo de item |
Publicacions periòdiques |
| Fuente de clasificaión o esquema |
|